[Event "Ch Sweden"]
[Site "masterchessopen.com Sweden"]
[Round "0"]
[White "Fridh Anton (SWE)"]
[Black "Hammar Bengt (SWE)"]
[Result "1-0"]
[WhiteElo "2200"]
[BlackElo "2256"]

1.e4 c5 2.Nf3 d6 3.d4 cxd4 4.Nxd4 Nf6 5.Nc3 a6 6.Be2 e6 7.O-O Qc7 8.f4 Be7
9.Be3 b5 10.e5 dxe5 11.fxe5 Nfd7 12.Bf3 Bb7 13.Bxb7 Qxb7 14.Qh5 g6 15.Qh6 Bf8
16.Qf4 Nb6 17.Qf6 Rg8 18.Nxe6 {#r} 1-0

[Event "It (cat.10)"]
[Site "masterchessopen.com Yerevan (Armenia)"]
[Round "6"]
[White "Dobosz Henryk (POL)"]
[Black "Vadasz Laszlo (HUN)"]
[Result "0-1"]
[WhiteElo "2385"]
[BlackElo "2500"]

1.e4 c5 2.Nf3 e6 3.d4 cxd4 4.Nxd4 Nf6 5.Nc3 d6 6.Be2 a6 7.O-O Qc7 8.f4 Be7
9.Kh1 O-O 10.Qe1 Nc6 11.Be3 Bd7 12.Qg3 b5 13.a3 Rab8 14.e5 Ne8 15.exd6 Qxd6
16.Nb3 Qc7 17.Nc5 Bc8 18.Bd3 Nf6 19.Qh3 g6 20.b4 Bb7 21.Rf3 Rbd8 22.Rg3 Nd4
23.Qh6 Bxc5 24.bxc5 Nf5 25.Bxf5 exf5 26.Qh4 Ng4 27.Bg1 Qxf4 28.Qe7 Bc6 29.Rd1
Rxd1 30.Nxd1 Qf1 31.Qd6 Re8 {#R} 0-1

[Event "Ch Poland"]
[Site "masterchessopen.com Poland"]
[Round "0"]
[White "Jasnikowski Zbigniew (POL)"]
[Black "Adamski Jan (POL)"]
[Result "0-1"]
[WhiteElo "2376"]
[BlackElo "2297"]

1.e4 c5 2.Nf3 e6 3.d4 cxd4 4.Nxd4 a6 5.Nc3 d6 6.Be2 Qc7 7.O-O Nf6 8.f4 Be7
9.Kh1 O-O 10.Be3 b5 11.Bf3 Bb7 12.a3 Nbd7 13.Qe1 Rfe8 14.Qg3 Nc5 15.e5 Nfe4
16.Nxe4 Nxe4 17.Bxe4 Bxe4 18.f5 exf5 19.Bf4 Rad8 20.Rae1 Bf8 21.exd6 Bxd6
22.Rxe4 Rxe4 23.Nxf5 Be5 24.Nh6+ Kf8 25.Bxe5 Rxe5 26.Nxf7 {#R} 0-1

[Event "Ch Moscow"]
[Site "masterchessopen.com Moscow (Russia)"]
[Round "0"]
[White "Smagin Sergey (RUS)"]
[Black "Donchenko Anatoly G (GER)"]
[Result "1-0"]
[WhiteElo "2551"]
[BlackElo "2385"]

1.e4 c5 2.Nf3 e6 3.d4 cxd4 4.Nxd4 Nf6 5.Nc3 d6 6.Be2 a6 7.O-O Qc7 8.f4 Nbd7
9.Bf3 Rb8 10.Kh1 b5 11.Re1 Be7 12.e5 b4 13.exf6 bxc3 14.fxe7 cxb2 15.Bxb2 Rxb2
16.Nxe6 fxe6 17.Qd4 Nf6 18.Qxb2 Kxe7 19.Rad1 Rd8 20.Qb3 Bd7 21.Qa3 g6 22.Qxa6
Bc8 23.Qa4 d5 24.Qd4 Kf7 25.c4 {#r} 1-0

[Event "It (open) \"]
[Site "masterchessopen.com Copenhagen (Denmark)"]
[Round "7"]
[White "Hartman Christer (SWE)"]
[Black "Cramling Dan (SWE)"]
[Result "1-0"]
[WhiteElo "2210"]
[BlackElo "2380"]

1.e4 c5 2.Nf3 e6 3.d4 cxd4 4.Nxd4 Nf6 5.Nc3 d6 6.Be2 a6 7.O-O Qc7 8.f4 Be7
9.Be3 O-O 10.Qe1 b5 11.Bf3 Bb7 12.e5 dxe5 13.fxe5 Nfd7 14.Qg3 Kh8 15.Rad1 Nc6
16.Kh1 Nxd4 17.Bxd4 Bxf3 18.gxf3 b4 19.Rg1 Rg8 20.Ne4 Qxc2 21.Be3 Qc7 22.Bg5
Bxg5 23.Nxg5 Nf8 24.Rd4 h6 25.Rh4 Qe7 26.Ne4 Nh7 27.Nd6 f6 28.Rxb4 fxe5
29.Qxe5 Ng5 30.Rxg5 Rad8 31.Rh4 Qf6 32.Qxf6 {#r} 1-0

[Event "Olympiad"]
[Site "masterchessopen.com Salonika (Greece)"]
[Round "11"]
[White "Takemoto Naoko (JPN)"]
[Black "Saleh Nagueb (UAE)"]
[Result "1-0"]
[WhiteElo "1903"]
[BlackElo "2220"]

1.e4 c5 2.Nc3 e6 3.Nf3 d6 4.d4 cxd4 5.Nxd4 Nf6 6.Be2 a6 7.O-O Qc7 8.Be3 Be7
9.f4 b5 10.a3 Bb7 11.Bd3 Nbd7 12.Qf3 Nc5 13.Rad1 d5 14.exd5 Nxd5 15.Nxd5 Bxd5
16.Qf2 O-O 17.Rfe1 Rac8 18.c3 Nxd3 19.Rxd3 Bf6 20.Nf3 Qb7 21.Bd4 Bxf3 22.Bxf6
Be4 23.Rg3 Bg6 24.Bd4 Rfd8 25.h4 h5 26.Rg5 Kh7 27.Qg3 Rg8 28.Ree5 Rh8 29.Rxh5+
Kg8 30.Rxh8+ Kxh8 31.h5 f6 32.hxg6 fxe5 33.Qh4+ Kg8 34.Qh7+ Kf8 35.Qh8+ {#r}
1-0

[Event "?"]
[Site "masterchessopen.com Lvov (Ukraine)"]
[Round "0"]
[White "Yandemirov Valeri (RUS)"]
[Black "Zakharov Alexander (RUS)"]
[Result "0-1"]
[WhiteElo "2399"]
[BlackElo "2380"]

1.e4 c5 2.Nf3 e6 3.d4 cxd4 4.Nxd4 a6 5.Nc3 Qc7 6.Be2 Nf6 7.O-O d6 8.a4 Nc6
9.Be3 Be7 10.Kh1 O-O 11.f4 Bd7 12.Nb3 b6 13.Qd2 Rfd8 14.Bf3 Rab8 15.Qf2 Na5
16.Rad1 Nc4 17.Bc1 b5 18.axb5 axb5 19.g4 b4 20.Ne2 d5 21.e5 Ne4 22.Qg2 Ra8
23.Ng3 Nxg3+ 24.Qxg3 Nxb2 25.Bxb2 Qxc2 26.Bxd5 Bc6 27.Bxc6 Rxd1 28.Rxd1 Qxd1+
29.Qg1 Qxb3 30.Bxa8 Qxb2 31.Qe3 Qa1+ {#R} 0-1

[Event "It (cat.9)"]
[Site "masterchessopen.com Budapest (Hungary)"]
[Round "0"]
[White "Lengyel Bela (HUN)"]
[Black "Bischoff Klaus (GER)"]
[Result "0-1"]
[WhiteElo "2288"]
[BlackElo "2485"]

1.e4 c5 2.Nf3 e6 3.d4 cxd4 4.Nxd4 Nf6 5.Nc3 d6 6.Be2 a6 7.O-O Qc7 8.Bg5 Nbd7
9.a4 b6 10.Bh5 g6 11.Bf3 Bb7 12.Re1 h6 13.Bxf6 Nxf6 14.Qd2 Be7 15.Rad1 Rd8
16.g3 h5 17.h4 Nd7 18.Bg2 Ne5 19.Qc1 Bf6 20.Nce2 O-O 21.Nf4 Rfe8 22.c3 Bg7
23.Qc2 Bh6 24.Qb3 Nc4 25.Nh3 Rc8 26.Re2 Red8 27.Qc2 Qe7 28.Rde1 Ne5 29.Rd1 Ng4
30.Nf3 Bc6 31.Qb3 Rb8 {#R} 0-1

[Event "It (b)"]
[Site "masterchessopen.com Dortmund (Germany)"]
[Round "0"]
[White "Doery Jeno (HUN)"]
[Black "Mainka Gregor (GER)"]
[Result "0-1"]
[WhiteElo "2276"]
[BlackElo "2297"]

1.e4 c5 2.Nf3 e6 3.d4 cxd4 4.Nxd4 Nf6 5.Nc3 d6 6.Be2 a6 7.O-O Qc7 8.f4 Be7
9.Bf3 Nc6 10.Nxc6 bxc6 11.Be3 Rb8 12.b3 O-O 13.Na4 d5 14.e5 Nd7 15.Qe2 f6
16.Bg4 fxe5 17.Bxe6+ Kh8 18.fxe5 Qxe5 19.Bxd7 Bxd7 20.Qd2 Bd6 21.g3 Bh3 22.Bf4
Qf6 23.Rfe1 h6 24.Rad1 Rb7 25.Bxd6 Qxd6 26.Qd4 Rbf7 27.Qh4 Qe6 28.g4 Qe3+
29.Kh1 Qf3+ {#R} 0-1

[Event "Ch Moscow"]
[Site "masterchessopen.com Moscow (Russia)"]
[Round "0"]
[White "Kuzmin Alexey (RUS)"]
[Black "Kremenietsky Anatoly M (RUS)"]
[Result "1-0"]
[WhiteElo "2415"]
[BlackElo "2364"]

1.e4 c5 2.Nf3 d6 3.d4 cxd4 4.Nxd4 Nf6 5.Nc3 a6 6.Be2 e6 7.O-O Qc7 8.a4 Be7
9.f4 O-O 10.Kh1 Rd8 11.Be3 Nc6 12.Qe1 Bd7 13.Qg3 Ne8 14.e5 g6 15.Nf3 Ng7
16.Qf2 Qb8 17.Ne4 dxe5 18.fxe5 Nxe5 19.Nxe5 Qxe5 20.Qxf7+ Kh8 21.Qxe7 Bc6
22.Ng5 Qxe3 23.Nf7+ Kg8 24.Nxd8 Bxg2+ 25.Kxg2 Qxe2+ 26.Rf2 Qg4+ 27.Kh1 Qe4+
28.Rg2 h6 29.Qxb7 {#r} 1-0

[Event "Zt"]
[Site "masterchessopen.com Santiago (Chile)"]
[Round "11"]
[White "Duarte Marcelo R (CHI)"]
[Black "Santacruz Francisco (PAR)"]
[Result "0-1"]
[WhiteElo "2355"]
[BlackElo "2310"]

1.e4 c5 2.Nf3 d6 3.d4 cxd4 4.Nxd4 Nf6 5.Nc3 e6 6.Be2 a6 7.O-O Qc7 8.f4 Bd7
9.a4 Nc6 10.Be3 Be7 11.Kh1 O-O 12.Qe1 Rac8 13.Qg3 Kh8 14.Rae1 Nb4 15.Bd3 Nxd3
16.cxd3 Qa5 17.Nf3 Qh5 18.Bd4 Qg6 19.Qh3 e5 20.Nh4 Bxh3 21.Nxg6+ hxg6 22.fxe5
dxe5 23.Bxe5 Bd7 {#R} 0-1

[Event "Memorial Seirinopoulos"]
[Site "masterchessopen.com Greece"]
[Round "1"]
[White "Prentos Konstantinos (GRE)"]
[Black "Alexandrou Thomas (GRE)"]
[Result "1-0"]
[WhiteElo "2263"]
[BlackElo "2160"]

1.e4 c5 2.Nf3 d6 3.d4 cxd4 4.Nxd4 Nf6 5.Nc3 a6 6.Be2 e6 7.O-O Qc7 8.f4 Nbd7
9.Bf3 Be7 10.Kh1 O-O 11.Be3 Re8 12.Qe1 Bf8 13.Nde2 Nc5 14.g4 g6 15.g5 Nh5
16.Bxh5 gxh5 17.Ng3 f5 18.Nxh5 Bg7 19.Nf6+ Kf7 20.Nxe8 Kxe8 21.exf5 b5 22.h3
Bb7+ 23.Kh2 Qc6 24.Rf2 b4 25.Bxc5 dxc5 26.f6 Bf8 27.Na4 Kf7 28.b3 Bd6 29.Qe2
Rg8 30.Qh5+ Kf8 31.Qh6+ Ke8 32.f7+ Kd7 33.Qxe6+ Kc7 34.Qxd6+ {#r} 1-0

[Event "Tournament (team)"]
[Site "masterchessopen.com Karlsruhe (Germany)"]
[Round "0"]
[White "Mueller Olaf (GER)"]
[Black "Neidhardt Claus-Ulrich (GER)"]
[Result "1-0"]
[WhiteElo "2293"]
[BlackElo "2415"]

1.e4 c5 2.Nf3 e6 3.d4 cxd4 4.Nxd4 Nf6 5.Nc3 d6 6.Be2 a6 7.O-O Qc7 8.f4 Be7
9.a4 O-O 10.Be3 Nc6 11.Kh1 Re8 12.Qd2 Bd7 13.Nb3 Na5 14.Nxa5 Qxa5 15.b4 Qc7
16.Rfb1 Bc6 17.Bd3 b6 18.b5 axb5 19.Nxb5 Qd7 20.Nc3 d5 21.e5 Ng4 22.Bxb6 f6
23.h3 Nh6 24.a5 Nf7 25.Bd4 fxe5 26.fxe5 Qc7 27.Qe2 Rxa5 28.Bb6 Qxb6 29.Rxb6
Rxa1+ 30.Kh2 Rc8 31.Ba6 Rc7 32.Nb5 Bxb5 33.Qxb5 g6 34.Rxe6 Bg5 35.Qb8+ {#r}
1-0

[Event "It (open)"]
[Site "masterchessopen.com Lienz (Austria)"]
[Round "0"]
[White "Wallner Walter (AUT)"]
[Black "Klostermann Markus (GER)"]
[Result "1-0"]
[WhiteElo "2032"]
[BlackElo "2295"]

1.e4 c5 2.Nf3 e6 3.d4 cxd4 4.Nxd4 a6 5.Nc3 Qc7 6.Be2 Nf6 7.O-O d6 8.f4 Nbd7
9.Bf3 Be7 10.Kh1 O-O 11.Qe1 g6 12.g4 e5 13.Nde2 d5 14.g5 dxe4 15.gxf6 Nxf6
16.Nxe4 Qxc2 17.N2c3 Bh3 18.Nxf6+ Bxf6 19.Be4 {#r} 1-0

[Event "It (cat.10)"]
[Site "masterchessopen.com Plovdiv (Bulgaria)"]
[Round "0"]
[White "Geller Efim P (RUS)"]
[Black "Georgiev Krum (BUL)"]
[Result "1-0"]
[WhiteElo "2465"]
[BlackElo "2505"]

1.e4 c5 2.Nf3 d6 3.d4 cxd4 4.Nxd4 Nf6 5.Nc3 a6 6.Be2 e6 7.O-O Qc7 8.f4 Be7
9.Qe1 b5 10.Bf3 b4 11.e5 dxe5 12.fxe5 bxc3 13.Bxa8 Qa7 14.exf6 Bc5 15.Be3 Bxd4
16.Bxd4 Qxd4+ 17.Kh1 gxf6 18.Rd1 Qe5 19.b3 {#r} 1-0

[Event "It \"]
[Site "masterchessopen.com Budapest (Hungary)"]
[Round "8"]
[White "Couppey Philippe (FRA)"]
[Black "Stajcic Nikola (AUT)"]
[Result "0-1"]
[WhiteElo "2111"]
[BlackElo "2279"]

1.e4 c5 2.Nf3 e6 3.d4 cxd4 4.Nxd4 Nf6 5.Nc3 d6 6.Be2 a6 7.O-O Qc7 8.f4 Nbd7
9.Bf3 Rb8 10.Kh1 Be7 11.a4 b6 12.Qe1 Bb7 13.Be3 O-O 14.g4 Nc5 15.Bg1 d5
16.exd5 Nxd5 17.Nxd5 exd5 18.f5 Rfe8 19.Qf2 Bg5 20.Qg2 Ne4 21.Rad1 Rbd8
22.Rfe1 Bf4 23.Re2 Rd6 24.Qf1 Rh6 25.Rg2 Bxh2 {#R} 0-1

[Event "It (young masters)"]
[Site "masterchessopen.com London (England)"]
[Round "8"]
[White "Morris Philip (ENG)"]
[Black "Ravikumar Vaidyanathan (IND)"]
[Result "1-0"]
[WhiteElo "2380"]
[BlackElo "2347"]

1.e4 c5 2.Nf3 e6 3.d4 cxd4 4.Nxd4 Nf6 5.Nc3 d6 6.Be2 a6 7.O-O Qc7 8.f4 Be7
9.Kh1 Nc6 10.Be3 Bd7 11.Qe1 Nxd4 12.Bxd4 Bc6 13.Qg3 g6 14.a4 O-O 15.f5 e5
16.Be3 Nxe4 17.Nxe4 Bxe4 18.f6 Bd8 19.Qh4 Qxc2 20.Rae1 Kh8 21.Qh6 Rg8 22.Bg5
Rc8 23.Bf3 Bd3 24.Bd1 Qc4 25.Bb3 Qc7 26.Rf3 Bf5 27.Re4 Qc1+ 28.Bxc1 Rxc1+
29.Qxc1 Bxe4 30.Rf1 d5 31.Qc5 {#r} 1-0

[Event "Olympiad"]
[Site "masterchessopen.com Novi Sad (Yugoslavia)"]
[Round "0"]
[White "Momeni Hadi (IRI)"]
[Black "Grimaldi Rene A (ESA)"]
[Result "1-0"]
[WhiteElo "2265"]
[BlackElo "2270"]

1.e4 c5 2.Nf3 d6 3.d4 Nf6 4.Nc3 cxd4 5.Nxd4 e6 6.Be2 a6 7.O-O Qc7 8.a4 Be7
9.f4 Nc6 10.Kh1 Bd7 11.Be3 Rc8 12.Nb3 Na5 13.e5 Nd5 14.Nxd5 exd5 15.exd6 Bxd6
16.Qxd5 Nxb3 17.cxb3 Be6 18.Qd3 Rd8 19.f5 Be5 20.fxe6 Rxd3 21.exf7+ Qxf7
22.Rxf7 Rxe3 23.Bc4 Rf8 24.Rxb7 Rf2 25.Bxa6 Rxb2 26.Rd1 Bf6 27.Bb5+ Kf8 28.Bc4
h5 29.a5 h4 30.h3 Ra2 31.a6 Ra1 32.Rxa1 Bxa1 33.Rf7+ {#r} 1-0

[Event "It (open)"]
[Site "masterchessopen.com Pula (Croatia)"]
[Round "0"]
[White "Zagrebelny Sergey (UZB)"]
[Black "Khenkin Igor (GER)"]
[Result "1-0"]
[WhiteElo "2490"]
[BlackElo "2624"]

1.e4 c5 2.Nf3 d6 3.d4 cxd4 4.Nxd4 Nf6 5.Nc3 a6 6.Be2 e6 7.O-O Qc7 8.a4 Nc6
9.Be3 Be7 10.f4 O-O 11.Kh1 Re8 12.Bf3 Rb8 13.Qd2 Bd7 14.Rad1 b6 15.Qf2 Na5
16.Qg3 Nc4 17.Bc1 Rbc8 18.Be2 b5 19.axb5 axb5 20.e5 dxe5 21.fxe5 Qxe5 22.Bf4
Qc5 23.Nb3 Qc6 24.Bh6 g6 25.Bg5 Ne4 26.Nxe4 Qxe4 27.Qf2 Ne5 28.Bf4 Bc6 29.Nd4
Bd5 30.Bd3 Nxd3 31.cxd3 {#r} 1-0

[Event "It"]
[Site "masterchessopen.com Wildbad (Germany)"]
[Round "4"]
[White "Apicella Manuel (FRA)"]
[Black "Schlosser Philipp (GER)"]
[Result "1-0"]
[WhiteElo "2390"]
[BlackElo "2591"]

1.e4 c5 2.Nf3 d6 3.d4 cxd4 4.Nxd4 Nf6 5.Nc3 a6 6.Be2 e6 7.O-O Qc7 8.f4 Be7
9.Kh1 O-O 10.a4 b6 11.Bf3 Bb7 12.Qe1 Nc6 13.Be3 Rac8 14.Qg3 Nd7 15.Nde2 Nb4
16.Rac1 Bf6 17.Rfd1 Rfd8 18.Bd4 Bxd4 19.Rxd4 Qc5 20.Rd2 b5 21.axb5 axb5
22.Rcd1 Nb6 23.b3 Nxc2 24.Rxc2 b4 25.f5 bxc3 26.Rxc3 Qb4 27.Rxc8 Nxc8 28.fxe6
fxe6 29.Nd4 Re8 30.Bh5 Re7 31.Qf2 Bxe4 32.Nxe6 Bxg2+ 33.Kg1 Qb6 34.Rd4 h6
35.Bg6 {#r} 1-0

[Event "Ch Poland"]
[Site "masterchessopen.com Bielsko-Biala (Poland)"]
[Round "2"]
[White "Maciejewski Miroslaw (POL)"]
[Black "Lubienski Tadeusz (POL)"]
[Result "1-0"]
[WhiteElo "2292"]
[BlackElo "2033"]

1.e4 c5 2.Nf3 e6 3.d4 cxd4 4.Nxd4 a6 5.Nc3 Qc7 6.Be2 Nf6 7.O-O d6 8.f4 Be7
9.Kh1 b6 10.Bf3 Bb7 11.e5 dxe5 12.fxe5 Nfd7 13.Bxb7 Qxb7 14.Qh5 g6 15.Qh6 Nc6
16.Nxc6 Qxc6 17.Bg5 Bf8 18.Qh4 Bg7 19.Be7 Bxe5 20.Rae1 f5 21.Rxe5 Nxe5 22.Qf6
Ng4 23.Qxh8+ Kxe7 24.Qxh7+ Kf6 25.Qh4+ Kg7 26.Qe7+ Kg8 27.h3 Nh6 28.Re1 Re8
29.Nd5 Kh8 30.Qf6+ Kh7 31.Ne7 Rxe7 {#r} 1-0

[Event "It (open) \"]
[Site "masterchessopen.com Cologne (Germany)"]
[Round "6"]
[White "Womacka Mathias (GER)"]
[Black "Wurzel Andre (GER)"]
[Result "1-0"]
[WhiteElo "2459"]
[BlackElo "2243"]

1.e4 c5 2.Nf3 e6 3.d4 cxd4 4.Nxd4 Nf6 5.Nc3 d6 6.Be2 a6 7.O-O Qc7 8.f4 Be7
9.Bf3 O-O 10.Be3 Nc6 11.Nxc6 bxc6 12.Na4 Rb8 13.c4 c5 14.Qc2 Bd7 15.Nc3 Bc6
16.Rad1 Rb6 17.Rd2 Rfb8 18.b3 a5 19.e5 dxe5 20.Bxc6 Ng4 21.Ba4 Nxe3 22.Qe4
Nxf1 23.Rd7 Qxd7 24.Bxd7 Nd2 25.Qe2 Rd6 26.Ba4 exf4 27.Nd5 exd5 28.Qxe7 Rbd8
29.Be8 dxc4 {#r} 1-0

[Event "Ch France (team)"]
[Site "masterchessopen.com France"]
[Round "0"]
[White "Schabanel Stephane (FRA)"]
[Black "Laclau Daniel (FRA)"]
[Result "1-0"]
[WhiteElo "2217"]
[BlackElo "2285"]

1.e4 c5 2.Nf3 e6 3.d4 cxd4 4.Nxd4 Nf6 5.Nc3 d6 6.Be2 a6 7.O-O Qc7 8.Kh1 b5
9.Bf3 Bb7 10.Re1 Nbd7 11.g3 Be7 12.Bg2 O-O 13.a4 b4 14.Na2 d5 15.e5 Ne4 16.Re2
Qxe5 17.f3 Nxg3+ 18.hxg3 Qxg3 19.Qe1 Qg6 20.Nxb4 Bd6 21.f4 Nf6 22.Nd3 Ne4
23.Re3 Rac8 24.Qh4 Rc4 25.c3 f5 26.Rh3 h6 27.Be3 Qe8 28.Rg1 Rf6 29.Bxe4 dxe4
30.Qxf6 {#r} 1-0

[Event "It (open)"]
[Site "masterchessopen.com Metz (France)"]
[Round "2"]
[White "Stoinev Metodi (BUL)"]
[Black "Khenkin Igor (GER)"]
[Result "0-1"]
[WhiteElo "2270"]
[BlackElo "2624"]

1.e4 c5 2.Nf3 d6 3.d4 cxd4 4.Nxd4 Nf6 5.Nc3 a6 6.Be2 e6 7.O-O Qc7 8.a4 b6 9.f4
Bb7 10.Bf3 Nbd7 11.Kh1 e5 12.Nf5 h6 13.Qe2 g6 14.Ne3 exf4 15.e5 dxe5 16.Bxb7
Qxb7 17.Nc4 g5 18.Nxe5 Nxe5 19.Qxe5+ Be7 20.Bxf4 gxf4 21.Rae1 Rg8 22.Re2 Rg6
23.Qxf4 Kf8 24.Ne4 Qc6 25.h4 Qd5 26.Qf3 Nxe4 27.Qxe4 Qxe4 28.Rxe4 {#R} 0-1

[Event "It (open) (active)"]
[Site "masterchessopen.com Triberg (Germany)"]
[Round "0"]
[White "Cetkovic Bozidar (SRB)"]
[Black "Mainka Romuald (GER)"]
[Result "0-1"]
[WhiteElo "2253"]
[BlackElo "2445"]

1.e4 c5 2.Nf3 d6 3.d4 cxd4 4.Nxd4 Nf6 5.Nc3 e6 6.Be2 a6 7.O-O Qc7 8.Be3 b5
9.a3 Bb7 10.Bd3 Nbd7 11.Re1 Be7 12.f4 O-O 13.Kh1 Rfe8 14.Bf2 Rad8 15.Qe2 Nc5
16.Rad1 Nxd3 17.cxd3 g6 18.Rc1 Qd7 19.Nb3 Rc8 20.Bd4 Bd8 21.Rg1 a5 22.Bxf6
Bxf6 23.Nxa5 Ba8 24.Nb3 Bg7 25.d4 Rc4 26.Qd3 Rec8 27.Ne2 f5 28.exf5 gxf5
29.Na5 Be4 30.Qb3 Rc2 31.Rxc2 Rxc2 32.Re1 Bf6 33.Qg3+ Qg7 34.Qxg7+ Kxg7 {#R}
0-1

[Event "It"]
[Site "masterchessopen.com Kecskemet (Hungary)"]
[Round "0"]
[White "Singer Christoph (GER)"]
[Black "Har-Zvi Ronen (ISR)"]
[Result "0-1"]
[WhiteElo "2362"]
[BlackElo "2512"]

1.e4 c5 2.Nf3 d6 3.d4 cxd4 4.Nxd4 Nf6 5.Nc3 a6 6.Be2 Qc7 7.O-O e6 8.Be3 b5
9.a3 Bb7 10.Bd3 Be7 11.f4 O-O 12.g4 Nc6 13.g5 Nd7 14.Qh5 g6 15.Qh6 Nxd4
16.Bxd4 e5 17.Be3 exf4 18.Rxf4 f6 19.Bd4 Ne5 20.Bxe5 dxe5 21.Rh4 Bc5+ 22.Kh1
fxg5 23.Qxg5 Be7 {#R} 0-1

[Event "It"]
[Site "masterchessopen.com Baden-Baden (Germany)"]
[Round "0"]
[White "Xie Jun (CHN)"]
[Black "Bischoff Klaus (GER)"]
[Result "0-1"]
[WhiteElo "2480"]
[BlackElo "2510"]

1.e4 c5 2.Nf3 e6 3.d4 cxd4 4.Nxd4 a6 5.Nc3 Qc7 6.Be2 Nf6 7.O-O d6 8.f4 Be7
9.Be3 O-O 10.g4 Nfd7 11.g5 Re8 12.Bh5 g6 13.Bg4 Bd8 14.Qd2 Nc6 15.Rad1 Nxd4
16.Bxd4 b5 17.Qf2 Bb7 18.Rd3 Nf8 19.b4 Qc4 20.a3 Rc8 21.Qh4 h5 22.Bxh5 gxh5
23.Qxh5 Qxd4+ 24.Rxd4 Bb6 25.Ne2 Rxc2 26.Rd1 e5 27.Kf1 exd4 28.e5 dxe5 29.f5
e4 30.Qh6 d3 31.Ng3 e3 32.Rxd3 e2+ 33.Nxe2 Rexe2 34.Qxb6 Bg2+ {#R} 0-1

[Event "Oberliga Baden 1991/92"]
[Site "masterchessopen.com Baden-Wuerttemberg (Germany)"]
[Round "0"]
[White "Strobel Matthias (GER)"]
[Black "Jankovec Ivan (CZE)"]
[Result "0-1"]
[WhiteElo "2088"]
[BlackElo "2180"]

1.e4 c5 2.Nf3 d6 3.d4 cxd4 4.Nxd4 Nf6 5.Nc3 a6 6.Be2 e6 7.O-O Qc7 8.f4 Be7
9.Kh1 Nc6 10.Be3 O-O 11.Qe1 Nxd4 12.Bxd4 b5 13.e5 Nd7 14.Bd3 Bb7 15.Qg3 dxe5
16.fxe5 Bc5 17.Rf4 g6 18.Re1 Bxd4 19.Rxd4 Nc5 20.Rh4 Nxd3 21.cxd3 f6 22.a4 Bc6
23.Qh3 f5 24.axb5 axb5 25.Rd4 Qxe5 26.Qh4 Qc7 27.Rxe6 Rfe8 28.Rxe8+ Bxe8
29.Qe1 Qe5 30.Qg1 Bc6 31.h3 Qg3 32.Nd5 Bxd5 {#R} 0-1

[Event "It (open) \"]
[Site "masterchessopen.com Berlin (Germany)"]
[Round "0"]
[White "Cladouras Panagiotis (GER)"]
[Black "Boensch Uwe (GER)"]
[Result "1-0"]
[WhiteElo "2365"]
[BlackElo "2490"]

1.e4 c5 2.Nf3 e6 3.d4 cxd4 4.Nxd4 a6 5.Nc3 Qc7 6.Be2 Nf6 7.O-O d6 8.a4 Nc6
9.Kh1 Be7 10.f4 O-O 11.Be3 Rd8 12.Bd3 Bd7 13.Qf3 Be8 14.Nxc6 bxc6 15.a5 c5
16.Qh3 Bc6 17.f5 exf5 18.Qxf5 Qd7 19.Qf4 Re8 20.Bd2 Bd8 21.Rae1 Bxa5 22.Qh4
Qg4 23.Qf2 Re5 24.Re3 Qe6 25.Rg3 Nh5 26.Rf3 c4 27.Rxf7 h6 28.Be2 Qg6 29.Bxc4
Kh7 30.Rf8 Nf6 31.Rxa8 Bxa8 32.Bd3 Bxc3 33.Bxc3 Nxe4 34.Qa7 Re8 35.Rf7 Kh8
{#r} 1-0

[Event "It (open) \"]
[Site "masterchessopen.com Buenos Aires (Argentina)"]
[Round "6"]
[White "Bustamante Leonidas (ARG)"]
[Black "Aranda Horacio (ARG)"]
[Result "1-0"]
[WhiteElo "2145"]
[BlackElo "1777"]

1.e4 c5 2.Nf3 e6 3.d4 cxd4 4.Nxd4 a6 5.Nc3 Qc7 6.Be2 d6 7.O-O Nf6 8.f4 Be7
9.Be3 b5 10.a3 Bb7 11.Bf3 Nc6 12.Qe1 Rd8 13.Qf2 Rc8 14.Nxc6 Bxc6 15.Rad1 O-O
16.g4 Qb7 17.Qg2 Nd7 18.Nd5 Bxd5 19.exd5 e5 20.f5 g6 21.Bh6 Rfe8 22.Be4 Nf6
23.fxg6 fxg6 24.Bf5 Rc7 25.Be6+ Kh8 26.g5 Ng8 27.Rf7 Nxh6 28.gxh6 Bf8 29.Qf2
Be7 30.Rxe7 Rcxe7 31.Qf6+ Rg7 32.Rf1 {#r} 1-0

[Event "It \"]
[Site "masterchessopen.com Cologne (Germany)"]
[Round "0"]
[White "Mainka Romuald (GER)"]
[Black "Chuchelov Vladimir (BEL)"]
[Result "1-0"]
[WhiteElo "2550"]
[BlackElo "2538"]

1.e4 c5 2.Nf3 e6 3.d4 cxd4 4.Nxd4 Nf6 5.Nc3 d6 6.Be2 a6 7.O-O Qc7 8.a4 Nc6
9.Be3 Be7 10.f4 O-O 11.Kh1 Re8 12.Bg1 Bd7 13.Qd3 Nxd4 14.Bxd4 e5 15.Be3 exf4
16.Bxf4 Be6 17.Rad1 Red8 18.Qg3 Ne8 19.Bd3 Bf6 20.Nd5 Bxd5 21.exd5 Bxb2
22.Rde1 g6 23.Qh4 Be5 24.Re3 f6 25.Rg3 Qg7 26.Bf5 Nc7 27.Bxe5 dxe5 28.Bxg6
hxg6 29.Rxf6 Rxd5 30.h3 Rd4 31.Qg5 Rd7 32.Rxg6 {#r} 1-0

[Event "Ch Europe (juniors)"]
[Site "masterchessopen.com Rimavska Sobota (Slovakia)"]
[Round "0"]
[White "Blimke Dalia (POL)"]
[Black "Hitzgerova Gabriela (CZE)"]
[Result "1-0"]
[WhiteElo "2214"]
[BlackElo "2144"]

1.e4 c5 2.Nf3 d6 3.d4 cxd4 4.Nxd4 Nf6 5.Nc3 a6 6.Be2 e6 7.O-O Qc7 8.f4 b5 9.e5
Nfd7 10.Bf3 d5 11.Kh1 Nc6 12.Nxc6 Qxc6 13.Nxd5 exd5 14.Bxd5 Qc7 15.Bxa8 Nc5
16.Bf3 Be7 17.Be3 O-O 18.Qe1 Na4 19.b3 Nc3 20.a3 Be6 21.Qf2 Nd5 22.Rfc1 Rc8
23.Be4 f5 24.Bf3 Nxe3 25.Qxe3 Bc5 26.Qe2 Bd4 27.Rab1 Bc3 28.Rd1 Qe7 29.Rd6 Rd8
{#r} 1-0

[Event "Tournament (a)"]
[Site "masterchessopen.com Spain"]
[Round "9"]
[White "Adeba Rodriguez Jesus (ESP)"]
[Black "Rodriguez Roberto (USA)"]
[Result "1-0"]
[WhiteElo "1963"]
[BlackElo "2295"]

1.e4 c5 2.Nf3 d6 3.d4 cxd4 4.Nxd4 Nf6 5.Nc3 a6 6.Be2 Qc7 7.O-O e6 8.f4 Be7
9.Qe1 b5 10.Bf3 Bb7 11.a3 O-O 12.Kh1 Nbd7 13.Qg3 Rfe8 14.Nb3 Bf8 15.e5 Nd5
16.Bxd5 exd5 17.exd6 Bxd6 18.Nd4 Nf6 19.Qf3 Rad8 20.Bd2 Ne4 21.Rad1 Bf8 22.Bc1
Nxc3 23.bxc3 Re4 24.f5 Bd6 25.f6 Bxh2 26.fxg7 Bc8 27.Nf5 Bxf5 28.Qxf5 Rh4
29.Bg5 Bg1+ 30.Kxg1 Qh2+ 31.Kf2 Rh5 32.Rh1 {#r} 1-0

[Event "It (open)"]
[Site "masterchessopen.com Baden-Baden (Germany)"]
[Round "0"]
[White "Pioch Thomas (GER)"]
[Black "Gerstner Wolfgang (GER)"]
[Result "0-1"]
[WhiteElo "2216"]
[BlackElo "2408"]

1.e4 c5 2.Nf3 e6 3.d4 cxd4 4.Nxd4 a6 5.Nc3 Qc7 6.Be2 Nf6 7.O-O d6 8.f4 Be7
9.Be3 O-O 10.Bf3 Nc6 11.Kh1 Nxd4 12.Qxd4 e5 13.Qd2 b5 14.Rac1 Bb7 15.a4 bxa4
16.Rfd1 Rfd8 17.Qf2 Qc4 18.Ra1 Bc6 19.Bb6 Rdc8 20.Be2 Qb4 21.Bd3 Rcb8 22.Bc7
Rb7 23.fxe5 Ng4 24.Qg3 Nxe5 25.Rxa4 Qxb2 26.Nd5 Bxd5 27.exd5 Nxd3 28.Qxd3 Rxc7
{#R} 0-1

[Event "It (open)"]
[Site "masterchessopen.com Cappelle la Grande (France)"]
[Round "2"]
[White "Henris Luc (BEL)"]
[Black "Chuchelov Vladimir (BEL)"]
[Result "0-1"]
[WhiteElo "2183"]
[BlackElo "2500"]

1.e4 c5 2.Nf3 e6 3.d4 cxd4 4.Nxd4 a6 5.Nc3 Qc7 6.Be2 Nf6 7.O-O d6 8.Be3 Be7
9.f4 O-O 10.Kh1 b5 11.Bf3 Bb7 12.e5 dxe5 13.fxe5 Nfd7 14.Bxb7 Qxb7 15.Bf4 b4
16.Nce2 Nc6 17.Nxc6 Qxc6 18.Nd4 Qc7 19.Qh5 Qc5 20.Rad1 Nf6 21.Qh3 Ne4 22.Nxe6
fxe6 23.Qxe6+ Kh8 24.Qd5 Qxd5 25.Rxd5 g5 26.Rd7 Rae8 27.g3 gxf4 28.gxf4 Ng5
29.Rd4 Rf5 30.Rxb4 {#R} 0-1